<?xml version="1.0" encoding="UTF-8"?>
<record
    xmlns:xsi="http://www.w3.org/2001/XMLSchema-instance"
    xsi:schemaLocation="http://www.loc.gov/MARC21/slim http://www.loc.gov/standards/marcxml/schema/MARC21slim.xsd"
    xmlns="http://www.loc.gov/MARC21/slim">

  <leader>00615ngm a22001937a 4500</leader>
  <controlfield tag="005">20220617095220.0</controlfield>
  <controlfield tag="008">160208b        xxu||||| |||| 00| 0 spa d</controlfield>
  <datafield tag="041" ind1=" " ind2=" ">
    <subfield code="a">spa</subfield>
  </datafield>
  <datafield tag="082" ind1=" " ind2=" ">
    <subfield code="a">424 DVD</subfield>
  </datafield>
  <datafield tag="100" ind1=" " ind2=" ">
    <subfield code="a">Torres, Norberto</subfield>
    <subfield code="9">54347</subfield>
  </datafield>
  <datafield tag="245" ind1=" " ind2=" ">
    <subfield code="a">Norberto Torres T, el legado de un maestro: 42 a&#xF1;os de experiencia. Una recopilaci&#xF3;n de 40 art&#xED;culos de t&#xE9;cnicas dentales.</subfield>
  </datafield>
  <datafield tag="300" ind1=" " ind2=" ">
    <subfield code="a">1 CD-ROM</subfield>
  </datafield>
  <datafield tag="650" ind1=" " ind2=" ">
    <subfield code="a">YESO</subfield>
    <subfield code="9">18289</subfield>
  </datafield>
  <datafield tag="650" ind1=" " ind2=" ">
    <subfield code="a">ESP&#xC1;TULA DE VIDRIO</subfield>
    <subfield code="9">54348</subfield>
  </datafield>
  <datafield tag="650" ind1=" " ind2=" ">
    <subfield code="a">PROT&#xC9;SIS PARCIAL FRACTURADA</subfield>
    <subfield code="9">54349</subfield>
  </datafield>
  <datafield tag="650" ind1=" " ind2=" ">
    <subfield code="a">GANCHOS FLOTANTES</subfield>
    <subfield code="9">54350</subfield>
  </datafield>
  <datafield tag="650" ind1=" " ind2=" ">
    <subfield code="a">PR&#xD3;TESIS FLEXIBLES</subfield>
    <subfield code="9">4571</subfield>
  </datafield>
  <datafield tag="942" ind1=" " ind2=" ">
    <subfield code="c">DVD</subfield>
  </datafield>
  <datafield tag="999" ind1=" " ind2=" ">
    <subfield code="c">12059</subfield>
    <subfield code="d">12059</subfield>
  </datafield>
  <datafield tag="952" ind1=" " ind2=" ">
    <subfield code="0">1</subfield>
    <subfield code="1">0</subfield>
    <subfield code="2">ddc</subfield>
    <subfield code="4">1</subfield>
    <subfield code="7">0</subfield>
    <subfield code="a">BACB</subfield>
    <subfield code="b">BACB</subfield>
    <subfield code="d">2019-06-11</subfield>
    <subfield code="l">0</subfield>
    <subfield code="o">424 DVD</subfield>
    <subfield code="p">424DVD</subfield>
    <subfield code="r">2019-06-11 00:00:00</subfield>
    <subfield code="w">2019-06-11</subfield>
    <subfield code="y">DVD</subfield>
  </datafield>
</record>
